Представление документа в формате RUSMARC

ПолеНазваниеЗначение
  Тип записи a
  Библиографический уровень a
001 Контрольный номер RU/CBS_UL/BASE/d9dfabdead0449478196efefa76b978b
005 Дата корректировки 20240313153447.4
100 Данные общей обработки __
a Данные общей обработки 20240313 ||| 0rusy0189 ca
101 Язык документа 0_
a Язык текста rus
102 Страна публикации __
a Страна публикации RU
200 Заглавие и сведения об ответственности 1_
a Заглавие Конспект интегрированного занятия по пожарной безопасности в старшей группе "Юные пожарные"
f Первые сведения об ответственности О. Жильникова
300 Общие примечания __
a Общие примечания 0+
461 Уровень набора _0
1 2000
a Дошкольная педагогика
463 Уровень физической единицы _0
1 2000
a № 9
v С. 24-26
1 2101
d 2023
1 001RU/CBS_UL/BASE/1779d54fbb2e480b988d4f3977c4360a
606 Тематические рубрики 0_
a Основная рубрика Пожарная безопасность - Сценарии
610 Ключевые слова 0_
a Ключевые слова дошкольная педагогика
610 Ключевые слова 0_
a Ключевые слова дошкольное воспитание
610 Ключевые слова 0_
a Ключевые слова пожарная безопасность для детей
610 Ключевые слова 0_
a Ключевые слова сценарии для дошкольников по пожарной безопасности
610 Ключевые слова 0_
a Ключевые слова безопасность жизнедеятельности детей
686 Индексы других классификаций __
2 Код системы rubbk
a Классификационный индекс 74.200.58
700 Автор _1
a Фамилия Жильникова
b Имя (инициалы) О.
801 Источник записи _0
a Страна RU
b Организация МБУК ЦБС г. Ульяновска
c Дата составления 20240313
g Правила каталогизации RCR
801 Источник записи _1
a Страна RU
b Организация МБУК ЦБС г. Ульяновска
c Дата составления 20240313
g Правила каталогизации RCR
901 Тип документа __
t Тип документа b
w Контрольный № источника RU/CBS_UL/BASE/1779d54fbb2e480b988d4f3977c4360a
909 Создатель записи __
a Создатель записи oibd1